Robotické pracoviská a ich aplikácie v priemysle

Priemyselné roboty v dnešnej dobe a smerovanie ich ďalšieho rozvoja. Základné východiská, štatistiky a súčasné trendy vo využívaní priemyselných robotov ako aj rozvoj robotických systémov využívaných v priemysle.

Salvato in:
Dettagli Bibliografici
Autore principale: Rofár, Ján
Altri autori: Marčan, Peter
Natura: Capitolo di libro
Lingua:slovacco
Soggetti:
Tags: Aggiungi Tag
Nessun Tag, puoi essere il primo ad aggiungerne!!

MARC

LEADER 00000naa a2200000 4500
001 0223996
005 20231208114800.8
041 0 |a slo 
044 |a SK 
245 1 0 |a Robotické pracoviská a ich aplikácie v priemysle  |c Ján Rofár, Peter Marčan 
520 |a Priemyselné roboty v dnešnej dobe a smerovanie ich ďalšieho rozvoja. Základné východiská, štatistiky a súčasné trendy vo využívaní priemyselných robotov ako aj rozvoj robotických systémov využívaných v priemysle. 
610 2 0 |a roboty priemyselné 
610 2 0 |a robotizácia 
610 2 0 |a automatizácia výroby 
610 2 0 |a výroba automatizovaná 
610 2 0 |a systémy výrobné automatizované 
100 1 |a Rofár, Ján 
700 1 |a Marčan, Peter